[Event "II Torneo Internazionale di Pasqua"]
[Site "Bologna ITA"]
[Date "2009.04.??"]
[Round "3"]
[White "Ferretti, Folco"]
[Black "Ronchetti, Niccolo'"]
[Result "0-1"]
[WhiteElo "2319"]
[BlackElo "2420"]
[PlyCount "78"]
[EventDate "2009.04.09"]

1. Nf3 c5 2. c4 Nf6 3. Nc3 e6 4. g3 b6 5. Bg2 Bb7 6. O-O Be7 7. Re1 a6 8. e4 d6
9. d4 cxd4 10. Nxd4 Qc7 11. Be3 Nbd7 12. Rc1 Rc8 13. f4 Qb8 14. b3 O-O 15. f5
e5 16. Nc2 b5 17. Nd5 Nxd5 18. cxd5 a5 19. g4 Rc3 20. Bd2 Rc7 21. g5 f6 22. g6
Rfc8 23. Re3 Qa7 24. gxh7+ Kh8 25. Kh1 Bf8 26. Bf1 Nc5 27. Qg4 Nxe4 28. Qxe4
Rc5 29. Bg2 Bxd5 30. Qxd5 Rxd5 31. Bxd5 Rc5 32. Be4 d5 33. Bf3 Qc7 34. Bxa5 Qc8
35. Re2 e4 36. Bg2 Rc6 37. Bh3 Ba3 38. Nxa3 Rxc1+ 39. Be1 Qc3 0-1

[Event "II Torneo Internazionale di Pasqua"]
[Site "Bologna ITA"]
[Date "2009.04.??"]
[Round "3"]
[White "Martinez, Rolly"]
[Black "Gilevych, Artem"]
[Result "1-0"]
[WhiteElo "2419"]
[BlackElo "2134"]
[PlyCount "93"]
[EventDate "2009.04.09"]

1. e4 e6 2. d4 d5 3. Nd2 Be7 4. Ngf3 dxe4 5. Nxe4 Nf6 6. Bd3 Nbd7 7. O-O O-O 8.
Qe2 b6 9. Ne5 Bb7 10. Ng5 h6 11. Ngf3 c5 12. c3 cxd4 13. cxd4 a6 14. a4 Re8 15.
Bd2 Nf8 16. Rac1 Nd5 17. Nc6 Qd6 18. Nfe5 f6 19. Nxe7+ Rxe7 20. Nc4 Qd8 21. Qg4
f5 22. Qg3 Kh7 23. Ne5 Qe8 24. b3 Rc8 25. Rfe1 Rxc1 26. Bxc1 b5 27. axb5 axb5
28. Bd2 Ba8 29. Ra1 Qb8 30. Ng6 Rc7 31. Nxf8+ Qxf8 32. Bxb5 Bc6 33. Bc4 Qe7 34.
Re1 Ra7 35. h3 Ra2 36. Bf4 Qd7 37. Be5 Ra7 38. Bb8 Ra8 39. Qe5 Qb7 40. Bd6 Nf6
41. Bxe6 Bxg2 42. Bxf5+ Kh8 43. Qg3 Be4 44. Be6 Bc6 45. Be5 Ne4 46. Qg6 Ng5 47.
Qxh6+ 1-0

[Event "II Torneo Internazionale di Pasqua"]
[Site "Bologna ITA"]
[Date "2009.04.??"]
[Round "3"]
[White "Vuelban, Virgilio"]
[Black "Tomba, Ivan"]
[Result "1/2-1/2"]
[WhiteElo "2422"]
[BlackElo "2301"]
[PlyCount "95"]
[EventDate "2009.04.09"]

1. d4 Nf6 2. c4 Nc6 3. Nf3 e6 4. Nc3 Bb4 5. Bd2 Bxc3 6. Bxc3 Ne4 7. Qc2 Nxc3 8.
Qxc3 O-O 9. e3 d6 10. b4 Qe7 11. b5 Nb8 12. g3 Nd7 13. Bg2 e5 14. O-O f5 15.
Rac1 a6 16. a4 e4 17. Nd2 Nf6 18. f3 exf3 19. Bxf3 Re8 20. Rce1 axb5 21. axb5
Ra2 22. e4 Rxd2 23. Qxd2 fxe4 24. Qf4 h6 25. Bg2 c6 26. b6 d5 27. c5 Nh7 28.
Qe3 Ng5 29. h4 Nh7 30. Rf4 Nf6 31. Ref1 Rf8 32. Re1 Re8 33. Bf1 g5 34. hxg5
hxg5 35. Rf3 Qg7 36. Rxf6 Qxf6 37. Be2 Qh6 38. Rf1 Re7 39. Kf2 Rf7+ 40. Ke1
Rxf1+ 41. Kxf1 Kg7 42. Kg1 Kg6 43. Bd1 Qh3 44. Be2 Bg4 45. Bf1 Qh5 46. Bg2 Bf3
47. Bxf3 Qxf3 48. g4 1/2-1/2

[Event "II Torneo Internazionale di Pasqua"]
[Site "Bologna ITA"]
[Date "2009.04.??"]
[Round "4"]
[White "Corvi, Marco"]
[Black "Ferretti, Folco"]
[Result "1/2-1/2"]
[WhiteElo "2291"]
[BlackElo "2319"]
[PlyCount "21"]
[EventDate "2009.04.09"]

1. c4 c5 2. Nc3 Nf6 3. Nf3 e6 4. g3 b6 5. Bg2 Bb7 6. O-O Be7 7. d4 cxd4 8. Qxd4
d6 9. Rd1 Nbd7 10. b3 a6 11. Bb2 1/2-1/2

[Event "II Torneo Internazionale di Pasqua"]
[Site "Bologna ITA"]
[Date "2009.04.??"]
[Round "4"]
[White "Gilevych, Artem"]
[Black "Bianchi, Andrea"]
[Result "1/2-1/2"]
[WhiteElo "2134"]
[BlackElo "2166"]
[PlyCount "58"]
[EventDate "2009.04.09"]

1. Nf3 Nf6 2. b3 d6 3. Bb2 e5 4. d4 e4 5. Nfd2 d5 6. e3 Bd6 7. Be2 c6 8. c4 O-O
9. Nc3 Nbd7 10. Qc2 Re8 11. cxd5 cxd5 12. Nb5 Nf8 13. Nxd6 Qxd6 14. Qc5 Qd8 15.
Ba3 Re6 16. Qxf8+ Qxf8 17. Bxf8 Kxf8 18. O-O Rc6 19. Rfc1 Bd7 20. Rxc6 Bxc6 21.
f3 Ke7 22. g4 exf3 23. Bxf3 g5 24. h3 Rc8 25. Rc1 Bd7 26. Rxc8 Bxc8 27. Nb1 Kd6
28. Nc3 a6 29. Kg2 h6 1/2-1/2

[Event "II Torneo Internazionale di Pasqua"]
[Site "Bologna ITA"]
[Date "2009.04.??"]
[Round "4"]
[White "Stella, Andrea"]
[Black "Martinez, Rolly"]
[Result "1-0"]
[WhiteElo "2276"]
[BlackElo "2419"]
[PlyCount "121"]
[EventDate "2009.04.09"]

1. d4 d5 2. c4 dxc4 3. e3 e5 4. Bxc4 exd4 5. exd4 Nf6 6. Nc3 Be7 7. Nf3 O-O 8.
O-O Nbd7 9. Re1 Nb6 10. Bb3 c6 11. Bg5 Bg4 12. Qd3 Bxf3 13. Qxf3 Nfd5 14. Bxe7
Nxe7 15. Re5 Ng6 16. Re4 Nd7 17. Rd1 Nf6 18. Re3 Qd7 19. Ne4 Nxe4 20. Rxe4 Rfe8
21. Rde1 Rxe4 22. Rxe4 Rd8 23. h4 Nf8 24. Qe3 Qd6 25. Re7 Ne6 26. Rxb7 a5 27.
Ra7 h6 28. Bxe6 Qxe6 29. Qxe6 fxe6 30. Rxa5 Rxd4 31. g3 Rd2 32. b4 Kf7 33. a4
Rd4 34. b5 cxb5 35. axb5 Rb4 36. Ra7+ Kf6 37. Rb7 Rb2 38. Kg2 Rb3 39. b6 h5 40.
Rb8 Kf7 41. b7 Kg6 42. Kf1 Rb2 43. Ke1 Kf7 44. Kd1 Kg6 45. Kc1 Rb6 46. Kc2 Kf7
47. Kc3 Rb1 48. f3 Kg6 49. g4 Kh7 50. gxh5 Rb6 51. Kd4 Rb5 52. Ke4 Rb1 53. Ke5
Rb6 54. f4 Rb1 55. Kxe6 Rb6+ 56. Kd5 Rb1 57. f5 Rb2 58. h6 gxh6 59. f6 Kg6 60.
Rg8+ Kh5 61. b8=Q 1-0

[Event "II Torneo Internazionale di Pasqua"]
[Site "Bologna ITA"]
[Date "2002.04.11"]
[Round "4"]
[White "Tomba, Ivan"]
[Black "Ronchetti, Niccolo'"]
[Result "1/2-1/2"]
[WhiteElo "2301"]
[BlackElo "2420"]
[PlyCount "20"]
[EventDate "2009.04.09"]

1. c4 c5 2. Nf3 Nf6 3. Nc3 Nc6 4. g3 g6 5. Bg2 Bg7 6. O-O O-O 7. d4 cxd4 8.
Nxd4 Nxd4 9. Qxd4 d6 10. Qd2 Rb8 1/2-1/2

[Event "II Torneo Internazionale di Pasqua"]
[Site "Bologna ITA"]
[Date "2009.04.??"]
[Round "4"]
[White "Vuelban, Virgilio"]
[Black "Danut, Radu"]
[Result "1/2-1/2"]
[WhiteElo "2422"]
[BlackElo "2152"]
[PlyCount "125"]
[EventDate "2009.04.09"]

1. e4 c5 2. Nf3 Nc6 3. d4 cxd4 4. Nxd4 Nf6 5. Nc3 e5 6. Ndb5 d6 7. Bg5 a6 8.
Na3 b5 9. Bxf6 gxf6 10. Nd5 f5 11. c3 Bg7 12. exf5 Bxf5 13. Nc2 O-O 14. Nce3
Be6 15. Bd3 f5 16. Qh5 e4 17. Bc2 Ne7 18. Nxe7+ Qxe7 19. g4 b4 20. gxf5 Bf7 21.
Qg4 Kh8 22. Qxe4 Qxe4 23. Bxe4 Rae8 24. Bc6 bxc3 25. b3 Re5 26. O-O-O Rd8 27.
Bd5 Bh5 28. Rd3 Bh6 29. Kc2 Be2 30. Rxc3 Bxe3 31. Rxe3 Rxd5 32. Rxe2 Rc8+ 33.
Kb2 Rxf5 34. Rd1 d5 35. Rd4 Kg7 36. Red2 Rd8 37. b4 Kf6 38. a4 Ke5 39. Kb3 Rf3+
40. R4d3 Rdf8 41. Re2+ Kd6 42. Rde3 Rxe3+ 43. fxe3 Ke5 44. b5 axb5 45. axb5 Kd6
46. Kb4 Re8 47. Ka5 d4 48. e4 d3 49. Rb2 Kc5 50. Ka6 Rxe4 51. b6 Re2 52. Rb1
Ra2+ 53. Kb7 Rxh2 54. Kc7 Rg2 55. b7 Rg7+ 56. Kc8 Rg8+ 57. Kc7 Kc4 58. Rb6 Rg7+
59. Kc8 Rxb7 60. Rxb7 h5 61. Rc7+ Kd4 62. Rd7+ Ke3 63. Re7+ 1/2-1/2

[Event "II Torneo Internazionale di Pasqua"]
[Site "Bologna ITA"]
[Date "2002.04.??"]
[Round "5"]
[White "Bianchi, Andrea"]
[Black "Stella, Andrea"]
[Result "1/2-1/2"]
[WhiteElo "2166"]
[BlackElo "2276"]
[PlyCount "52"]
[EventDate "2009.04.09"]

1. e4 e6 2. d3 d5 3. Nd2 Nf6 4. Ngf3 Bc5 5. e5 Nfd7 6. d4 Bb6 7. Nb3 c5 8. dxc5
Nxc5 9. Nxc5 Bxc5 10. Bd3 Nc6 11. O-O f5 12. a3 O-O 13. Bg5 Qc7 14. Bf4 a5 15.
Qe2 Bd7 16. h4 Be8 17. Ng5 Nd4 18. Qd1 h6 19. Nh3 Nc6 20. Re1 Qb6 21. Rb1 Rd8
22. Bg3 f4 23. Nxf4 Rxf4 24. Bxf4 Bxf2+ 25. Kh1 Bxe1 26. Qxe1 Ne7 1/2-1/2

[Event "II Torneo Internazionale di Pasqua"]
[Site "Bologna ITA"]
[Date "2002.04.??"]
[Round "5"]
[White "Danut, Radu"]
[Black "Tomba, Ivan"]
[Result "0-1"]
[WhiteElo "2152"]
[BlackElo "2301"]
[PlyCount "60"]
[EventDate "2009.04.09"]

1. d4 Nf6 2. c4 Nc6 3. d5 Ne5 4. Nc3 e6 5. e4 Bc5 6. f4 Neg4 7. Nh3 d6 8. Be2
exd5 9. cxd5 O-O 10. f5 Re8 11. Bg5 h6 12. Bxg4 hxg5 13. Nxg5 Nxd5 14. h4 Ne3
15. Qb3 Qf6 16. Bh5 Nxg2+ 17. Kf1 Ne3+ 18. Ke2 Re7 19. Raf1 b6 20. Bxf7+ Rxf7
21. e5 Ba6+ 22. Ke1 dxe5 23. Nce4 Ng2+ 24. Kd1 Qd8+ 25. Kc1 Be3+ 26. Kc2 Bxg5
27. Nxg5 Bc4 28. Qf3 Qd5 29. Qh5 Bd3+ 30. Kc3 Qc4+ 0-1

[Event "II Torneo Internazionale di Pasqua"]
[Site "Bologna ITA"]
[Date "2002.04.??"]
[Round "5"]
[White "Ferretti, Folco"]
[Black "Gilevych, Artem"]
[Result "1/2-1/2"]
[WhiteElo "2319"]
[BlackElo "2134"]
[PlyCount "44"]
[EventDate "2009.04.09"]

1. Nf3 d5 2. c4 c6 3. g3 Nf6 4. Bg2 g6 5. O-O Bg7 6. d4 O-O 7. Nbd2 Be6 8. Ne5
Nfd7 9. cxd5 cxd5 10. Ndf3 Nxe5 11. Nxe5 Nd7 12. Nd3 Bxd4 13. Nf4 Bg7 14. Bxd5
Bxd5 15. Qxd5 b6 16. Be3 e6 17. Qb3 Nc5 18. Qa3 Qf6 19. b4 Ne4 20. Rad1 Qc3 21.
Qxc3 Nxc3 22. Rd2 a5 1/2-1/2

[Event "II Torneo Internazionale di Pasqua"]
[Site "Bologna ITA"]
[Date "2002.04.??"]
[Round "5"]
[White "Martinez, Rolly"]
[Black "Vuelban, Virgilio"]
[Result "1/2-1/2"]
[WhiteElo "2419"]
[BlackElo "2422"]
[PlyCount "29"]
[EventDate "2009.04.09"]

1. d4 Nf6 2. c4 Nc6 3. Nc3 e6 4. a3 g6 5. e4 d6 6. f4 Bg7 7. Nf3 O-O 8. Be2 e5
9. fxe5 dxe5 10. d5 Nd4 11. O-O Nxe2+ 12. Qxe2 Nh5 13. c5 c6 14. Bg5 f6 15. Be3
1/2-1/2

[Event "II Torneo Internazionale di Pasqua"]
[Site "Bologna ITA"]
[Date "2002.04.11"]
[Round "5"]
[White "Ronchetti, Niccolo'"]
[Black "Corvi, Marco"]
[Result "1-0"]
[WhiteElo "2420"]
[BlackElo "2291"]
[PlyCount "91"]
[EventDate "2009.04.09"]

1. e4 Nf6 2. e5 Nd5 3. d4 d6 4. c4 Nb6 5. f4 dxe5 6. fxe5 Nc6 7. Be3 Bf5 8. Nc3
e6 9. Nf3 Bg4 10. Be2 Bxf3 11. gxf3 Qh4+ 12. Bf2 Qf4 13. Qc1 Qxc1+ 14. Rxc1 Bb4
15. O-O Bxc3 16. Rxc3 O-O-O 17. Rd1 g5 18. f4 gxf4 19. Rf3 Na5 20. b3 c5 21.
Rxf4 cxd4 22. Rdxd4 Rhg8+ 23. Kf1 Nc6 24. Rxd8+ Nxd8 25. Bh4 Nd7 26. Bxd8 Kxd8
27. Rxf7 Rf8 28. Rxf8+ Nxf8 29. Kf2 Nd7 30. Ke3 Nxe5 31. Kf4 Nd7 32. Kg5 b6 33.
Bd3 Ne5 34. Bxh7 Nf3+ 35. Kf4 Nxh2 36. Bd3 a5 37. Kg3 Ke7 38. a3 Kd6 39. b4 a4
40. Kxh2 Ke5 41. Kg3 Kd4 42. Bf1 e5 43. Kf2 e4 44. Ke1 Ke5 45. Kd2 Kd4 46. Be2
1-0

[Event "II Torneo Internazionale di Pasqua"]
[Site "Bologna ITA"]
[Date "2009.04.??"]
[Round "6"]
[White "Danut, Radu"]
[Black "Martinez, Rolly"]
[Result "0-1"]
[WhiteElo "2152"]
[BlackElo "2419"]
[PlyCount "62"]
[EventDate "2009.04.09"]

1. d4 Nf6 2. c4 e6 3. Nf3 b6 4. Nc3 Bb7 5. Bg5 Bb4 6. e3 h6 7. Bh4 g5 8. Bg3
Ne4 9. Nd2 Nxc3 10. bxc3 Bxc3 11. Rc1 Bb4 12. h4 Bd6 13. Bxd6 cxd6 14. Qh5 gxh4
15. Rxh4 Qf6 16. Bd3 Rg8 17. Ne4 Bxe4 18. Bxe4 Nc6 19. Rf4 Qe7 20. d5 exd5 21.
Bxd5 O-O-O 22. Rxf7 Qe5 23. Qf3 Qb2 24. Rd1 Ne5 25. Qe4 Rg4 26. Qf5 Rg5 27. Qe4
Nxf7 28. Bxf7 Kc7 29. Bd5 Rf8 30. Rd2 Qc1+ 31. Ke2 Rxf2+ 0-1

[Event "II Torneo Internazionale di Pasqua"]
[Site "Bologna ITA"]
[Date "2009.04.12"]
[Round "6"]
[White "Gilevych, Artem"]
[Black "Ronchetti, Niccolo'"]
[Result "0-1"]
[WhiteElo "2134"]
[BlackElo "2420"]
[PlyCount "97"]
[EventDate "2009.04.09"]

1. Nf3 c5 2. b3 Nf6 3. Bb2 e6 4. g3 b6 5. Bg2 Bb7 6. O-O Be7 7. d3 d5 8. Nbd2
Qc7 9. Ne5 Nbd7 10. Nxd7 Qxd7 11. e3 h5 12. Nf3 Qc7 13. Be5 Bd6 14. Bxd6 Qxd6
15. c4 O-O-O 16. d4 h4 17. cxd5 hxg3 18. hxg3 Qxd5 19. Nh4 Qg5 20. Bxb7+ Kxb7
21. Qf3+ Kb8 22. Qg2 cxd4 23. Nf3 Qd5 24. Nxd4 Ne4 25. Rfc1 Rc8 26. Rc4 Rxc4
27. bxc4 Qb7 28. Rd1 Rc8 29. Qf3 Nc3 30. Qf4+ Qc7 31. Qxc7+ Rxc7 32. Rd3 Rxc4
33. a3 a5 34. Nf3 Nd5 35. Ne5 Rc3 36. Rd1 f5 37. Nd7+ Kc7 38. Nf8 Kd6 39. g4
Rxa3 40. Nxe6 Kxe6 41. gxf5+ Ke5 42. f4+ Nxf4 43. exf4+ Kxf5 44. Rb1 Rg3+ 45.
Kf2 Rg6 46. Kf3 Re6 47. Rb5+ Kf6 48. Rd5 a4 49. Rb5 0-1

[Event "II Torneo Internazionale di Pasqua"]
[Site "Bologna ITA"]
[Date "2009.04.??"]
[Round "6"]
[White "Stella, Andrea"]
[Black "Ferretti, Folco"]
[Result "1/2-1/2"]
[WhiteElo "2276"]
[BlackElo "2319"]
[PlyCount "49"]
[EventDate "2009.04.09"]

1. d4 d5 2. c4 dxc4 3. Nf3 Nf6 4. e3 e6 5. Bxc4 c5 6. O-O a6 7. Bd3 Nc6 8. Nc3
Be7 9. dxc5 Bxc5 10. a3 O-O 11. b4 Ba7 12. Bb2 Qe7 13. Qe2 e5 14. Ng5 h6 15.
Nge4 Nxe4 16. Bxe4 Qg5 17. Rac1 Bf5 18. b5 axb5 19. Bxf5 Qxf5 20. Nxb5 Rfd8 21.
Rfd1 Rxd1+ 22. Rxd1 Bc5 23. Qc4 Be7 24. h3 Rd8 25. Rxd8+ 1/2-1/2

[Event "II Torneo Internazionale di Pasqua"]
[Site "Bologna ITA"]
[Date "2002.04.??"]
[Round "6"]
[White "Tomba, Ivan"]
[Black "Corvi, Marco"]
[Result "1-0"]
[WhiteElo "2301"]
[BlackElo "2291"]
[PlyCount "87"]
[EventDate "2009.04.09"]

1. e4 Nf6 2. e5 Nd5 3. d4 d6 4. c4 Nb6 5. exd6 cxd6 6. Nc3 g6 7. Be3 Bg7 8. Rc1
O-O 9. b3 e5 10. Nf3 Nc6 11. dxe5 dxe5 12. Qxd8 Rxd8 13. c5 Nd7 14. Bc4 h6 15.
O-O Nf8 16. Nb5 Be6 17. Nd6 Rd7 18. Bb5 Bd5 19. Rfd1 Bxf3 20. gxf3 Rad8 21. Re1
a6 22. Ba4 f5 23. Nxb7 Rxb7 24. Bxc6 Rc7 25. Bb7 Rxb7 26. c6 Re7 27. Bb6 Rc8
28. Red1 Kf7 29. Bd8 Re8 30. Ba5 e4 31. fxe4 fxe4 32. Rc4 Be5 33. Rd7+ Re7 34.
Rd8 Re8 35. c7 Bf6 36. Rxe8 Kxe8 37. Rxe4+ Kd7 38. Ra4 Ne6 39. Bb6 Kc6 40. Be3
Nxc7 41. Bxh6 Be5 42. Rg4 Rg8 43. f4 Bd4+ 44. Kg2 1-0

[Event "II Torneo Internazionale di Pasqua"]
[Site "Bologna ITA"]
[Date "2002.04.??"]
[Round "6"]
[White "Vuelban, Virgilio"]
[Black "Bianchi, Andrea"]
[Result "1-0"]
[WhiteElo "2422"]
[BlackElo "2166"]
[PlyCount "95"]
[EventDate "2009.04.09"]

1. e4 e5 2. Nf3 d6 3. d4 Nf6 4. Nc3 Nbd7 5. Bc4 Be7 6. O-O O-O 7. h3 c6 8. a4
Nxe4 9. Nxe4 d5 10. Bb3 dxe4 11. Nxe5 Nxe5 12. dxe5 Bf5 13. Qe2 Qd4 14. g4 Be6
15. c3 Qxe5 16. f4 Qf6 17. Bc2 Qh4 18. Qg2 Bc5+ 19. Kh2 Bc4 20. Rh1 e3 21. Qg3
Qxg3+ 22. Kxg3 a5 23. Re1 Rfe8 24. b3 Bd5 25. Ra2 b5 26. Ba3 Bb6 27. Rb2 Be4
28. axb5 cxb5 29. Bxe4 Rxe4 30. Kf3 Rae8 31. Bd6 f6 32. Be5 R4xe5 33. fxe5 Rxe5
34. Rd1 Kf7 35. Rd7+ Kg6 36. c4 h6 37. Rd5 Rxd5 38. cxd5 Kf7 39. Rc2 Ke7 40.
Rc6 Bd4 41. Ke4 Ba7 42. Kd3 Kd7 43. Ra6 Bc5 44. Rxa5 Kd6 45. Rxb5 g6 46. b4 Ba7
47. Rb7 Bd4 48. Kxd4 1-0

[Event "II Torneo Internazionale di Pasqua"]
[Site "Bologna ITA"]
[Date "2009.04.13"]
[Round "8"]
[White "Danut, Radu"]
[Black "Ferretti, Folco"]
[Result "0-1"]
[WhiteElo "2152"]
[BlackElo "2319"]
[PlyCount "53"]
[EventDate "2009.04.09"]

1. d4 Nf6 2. c4 e6 3. Bg5 h6 4. Bh4 c5 5. d5 exd5 6. cxd5 Qb6 7. Nc3 Qxb2 8.
Bxf6 gxf6 9. Rc1 f5 10. e3 a6 11. Bd3 d6 12. Nge2 Rg8 13. O-O Qb4 14. Nf4 Bg7
15. Nce2 b5 16. Ng3 Be5 17. Qh5 Nd7 18. Bxf5 Nf6 19. Qxh6 Bxf5 20. Nxf5 Kd7 21.
Nd3 Qe4 22. Nxe5+ Qxe5 23. Qh3 Kc7 24. Qf3 Rg6 25. Ng3 Qxd5 26. e4 Qe5 27. a4
0-1

[Event "II Torneo Internazionale di Pasqua"]
[Site "Bologna ITA"]
[Date "2009.04.??"]
[Round "8"]
[White "Martinez, Rolly"]
[Black "Bianchi, Andrea"]
[Result "1-0"]
[WhiteElo "2419"]
[BlackElo "2166"]
[PlyCount "58"]
[EventDate "2009.04.09"]

1. e4 d6 2. d4 Nf6 3. Nc3 e5 4. Nf3 Nbd7 5. Bc4 Be7 6. O-O O-O 7. Re1 c6 8. a4
b6 9. b3 a6 10. Bb2 Bb7 11. Bd3 Re8 12. Qd2 Bf8 13. Ne2 b5 14. Ng3 g6 15. c4
bxa4 16. bxa4 Qc7 17. c5 exd4 18. Bxd4 Ne5 19. Be2 Nfd7 20. cxd6 Bxd6 21. Nxe5
Bxe5 22. Bxe5 Nxe5 23. f4 Red8 24. Qc3 Nd7 25. e5 Nf8 26. Ne4 Qb6+ 27. Kh1 Qd4
28. Nf6+ Kg7 29. Qg3 c5 1-0

[Event "II Torneo Internazionale di Pasqua"]
[Site "Bologna ITA"]
[Date "2009.04.??"]
[Round "8"]
[White "Tomba, Ivan"]
[Black "Gilevych, Artem"]
[Result "0-1"]
[WhiteElo "2301"]
[BlackElo "2134"]
[PlyCount "52"]
[EventDate "2009.04.09"]

1. e4 Nc6 2. d4 d5 3. Nc3 Nf6 4. e5 Nd7 5. e6 fxe6 6. Bf4 e5 7. dxe5 e6 8. Nf3
Be7 9. Bd3 O-O 10. Bg3 Nc5 11. Be2 Bd7 12. Nb5 Ne4 13. c4 Bb4+ 14. Kf1 Ne7 15.
cxd5 Nxd5 16. Qc2 Nd2+ 17. Kg1 Bxb5 18. Bxb5 Nxf3+ 19. gxf3 Rxf3 20. Qe4 Rf7
21. h4 Bc5 22. Rf1 Qe7 23. Bd3 g6 24. Qg4 Raf8 25. h5 g5 26. h6 Nf4 0-1

[Event "II Torneo Internazionale di Pasqua"]
[Site "Bologna ITA"]
[Date "2009.04.??"]
[Round "8"]
[White "Vuelban, Virgilio"]
[Black "Ronchetti, Niccolo'"]
[Result "1/2-1/2"]
[WhiteElo "2422"]
[BlackElo "2420"]
[PlyCount "21"]
[EventDate "2009.04.09"]

1. e4 c5 2. Nf3 Nc6 3. d4 cxd4 4. Nxd4 Nf6 5. Nc3 e5 6. Ndb5 d6 7. Nd5 Nxd5 8.
exd5 Nb8 9. c4 Be7 10. Bd3 O-O 11. Bf1 1/2-1/2

[Event "II Torneo Internazionale di Pasqua"]
[Site "Bologna ITA"]
[Date "2009.04.??"]
[Round "9"]
[White "Bianchi, Andrea"]
[Black "Tomba, Ivan"]
[Result "0-1"]
[WhiteElo "2166"]
[BlackElo "2301"]
[PlyCount "58"]
[EventDate "2009.04.09"]

1. e4 c5 2. Nf3 e6 3. d4 cxd4 4. Nxd4 Nc6 5. Nb5 d6 6. c4 a6 7. N5c3 Nf6 8. g3
Be7 9. Bg2 O-O 10. O-O Rb8 11. a4 Qc7 12. b3 b6 13. Ra2 Rd8 14. Rd2 Na7 15. Na3
Bd7 16. Rc2 Rdc8 17. Re1 Qd8 18. Bf1 Qf8 19. c5 Rxc5 20. Bxa6 d5 21. e5 Ne8 22.
Nab5 Nc6 23. Ba3 Rxc3 24. Bxe7 Qxe7 25. Nxc3 Nb4 26. Bd3 Nxc2 27. Bxc2 Qb4 28.
Ne2 Nc7 29. Nd4 b5 0-1

[Event "II Torneo Internazionale di Pasqua"]
[Site "Bologna ITA"]
[Date "2009.04.??"]
[Round "9"]
[White "Gilevych, Artem"]
[Black "Stella, Andrea"]
[Result "1/2-1/2"]
[WhiteElo "2134"]
[BlackElo "2276"]
[PlyCount "32"]
[EventDate "2009.04.09"]

1. Nf3 Nf6 2. d3 e6 3. b3 Bb4+ 4. c3 Be7 5. Bb2 b5 6. g3 Bb7 7. Bg2 O-O 8. O-O
d6 9. Nbd2 Nbd7 10. c4 a6 11. Qc2 c5 12. e4 bxc4 13. dxc4 Qc7 14. Rae1 Ng4 15.
h3 Nge5 16. Nh2 Bf6 1/2-1/2

[Event "II Torneo Internazionale di Pasqua"]
[Site "Bologna ITA"]
[Date "2009.04.??"]
[Round "9"]
[White "Ronchetti, Niccolo'"]
[Black "Danut, Radu"]
[Result "1-0"]
[WhiteElo "2420"]
[BlackElo "2152"]
[PlyCount "59"]
[EventDate "2009.04.09"]

1. e4 c5 2. Nf3 Nc6 3. Bb5 g6 4. O-O Bg7 5. c3 a6 6. Ba4 b5 7. Bc2 d5 8. a4 Bb7
9. Qe2 dxe4 10. Bxe4 Nf6 11. Bxc6+ Bxc6 12. Ne5 Bb7 13. axb5 Nh5 14. bxa6 O-O
15. f4 Qd6 16. d3 Bxa6 17. c4 Rfd8 18. Nc3 Bxe5 19. fxe5 Qxd3 20. Qxd3 Rxd3 21.
Ne4 Rd4 22. Nxc5 Bb7 23. Be3 Rxc4 24. Nxb7 Rb8 25. Na5 Re4 26. Nc6 Rxb2 27. Bh6
f5 28. e6 Rxe6 29. Ra8+ Kf7 30. Rf8# 1-0

[Event "C.to Provinciale CS"]
[Site "Aieta ITA"]
[Date "2009.04.09"]
[Round "1"]
[White "Gad, Alessandro"]
[Black "Rizzuti, Pasquale"]
[Result "0-1"]
[WhiteElo "1608"]
[BlackElo "1814"]
[PlyCount "24"]
[EventDate "2009.04.09"]

1. c4 e5 2. Nc3 Nf6 3. g3 Bb4 4. Bg2 c6 5. d4 e4 6. f3 d5 7. Bg5 Qa5 8. Qb3
dxc4 9. Qxc4 Bxc3+ 10. Qxc3 Qxg5 11. fxe4 O-O 12. Nf3 Qb5 0-1

[Event "C.to Provinciale CS"]
[Site "Aieta ITA"]
[Date "2009.04.09"]
[Round "1"]
[White "Ielapi, Vito"]
[Black "Alagia, Pietro"]
[Result "1-0"]
[WhiteElo "1911"]
[BlackElo "1631"]
[PlyCount "55"]
[EventDate "2009.04.09"]

1. e4 e5 2. Nf3 d6 3. d4 exd4 4. Bc4 Be7 5. Nxd4 Nf6 6. Nc3 Nbd7 7. Nf5 Ne5 8.
Nxg7+ Kf8 9. Bh6 Kg8 10. Bb3 Nfg4 11. Nf5 Bxf5 12. exf5 Bh4 13. g3 Bg5 14. Bxg5
Qxg5 15. f4 Qxf5 16. Qe2 Ng6 17. O-O-O Kg7 18. h4 Rae8 19. Qf3 Qc8 20. h5 Ne7
21. Nd5 Nxd5 22. Qxd5 Re7 23. h6+ Kf8 24. Rde1 Qe8 25. Rxe7 Qxe7 26. Qxb7 Qe3+
27. Kb1 Qd4 28. Qc8+ 1-0

[Event "C.to Provinciale CS"]
[Site "Aieta ITA"]
[Date "2009.04.09"]
[Round "1"]
[White "Paragliola, Gennaro"]
[Black "Gad, Ahmad"]
[Result "0-1"]
[WhiteElo "1635"]
[BlackElo "1944"]
[PlyCount "78"]
[EventDate "2009.04.09"]

1. d4 e6 2. c4 c5 3. e3 Nf6 4. Nf3 cxd4 5. exd4 d5 6. Nc3 Nc6 7. Bd3 dxc4 8.
Bxc4 Bb4 9. O-O O-O 10. Bg5 Be7 11. Rc1 b6 12. Ne2 Bb7 13. Bd3 h6 14. Bh4 Nd5
15. Bg3 Bf6 16. Bb1 g6 17. a3 Qd7 18. Qd3 Rfd8 19. h4 h5 20. Rfd1 Rac8 21. Ne5
Nxe5 22. dxe5 Rxc1 23. Nxc1 Bg7 24. Ne2 Qc7 25. Qc2 Qxc2 26. Bxc2 Kf8 27. Ba4
a6 28. Bf4 Rc8 29. Bg3 Bh6 30. Bb3 Ke7 31. Kf1 Rc5 32. Rd3 a5 33. f4 Ba6 34.
Rf3 Rc1+ 35. Kf2 Rb1 36. Bxd5 Rxb2 37. Re3 exd5 38. Kf3 d4 39. Nxd4 Bb7+ 0-1

[Event "C.to Provinciale CS"]
[Site "Aieta ITA"]
[Date "2009.04.09"]
[Round "1"]
[White "Rametta, Marcello"]
[Black "Stoduto, Francesco"]
[Result "1-0"]
[WhiteElo "1738"]
[BlackElo "1536"]
[PlyCount "67"]
[EventDate "2009.04.09"]

1. e4 e5 2. Bc4 c5 3. Nf3 d6 4. h3 Nc6 5. c3 h6 6. d3 Be6 7. Nbd2 a6 8. Bxe6
fxe6 9. Nc4 Nf6 10. Nh4 Ne7 11. Ne3 g5 12. Nf3 Bg7 13. Nh2 d5 14. Neg4 Nd7 15.
exd5 exd5 16. Ne3 h5 17. Qb3 Nb6 18. Nf3 Bf6 19. Bd2 Qd7 20. Qxb6 Rf8 21. O-O-O
Rc8 22. Nf1 Rc6 23. Qb3 Rg8 24. Ng3 h4 25. Nh5 c4 26. Nxf6+ Rxf6 27. dxc4 Rf5
28. Rhe1 e4 29. Nd4 Rxf2 30. cxd5 Nxd5 31. Rxe4+ Ne7 32. Qxg8+ Rf8 33. Qg6+ Kd8
34. Bxg5 1-0

[Event "C.to Provinciale CS"]
[Site "Aieta ITA"]
[Date "2009.04.10"]
[Round "2"]
[White "Alagia, Pietro"]
[Black "Gad, Alessandro"]
[Result "1/2-1/2"]
[WhiteElo "1631"]
[BlackElo "1608"]
[PlyCount "69"]
[EventDate "2009.04.09"]

1. d4 Nf6 2. c3 d5 3. g3 e6 4. Bg2 c5 5. Nf3 Nc6 6. O-O Bd6 7. Re1 O-O 8. Ng5
h6 9. Nh3 e5 10. dxe5 Bxe5 11. Nf4 Be6 12. Nd3 Bd6 13. Nd2 Qb6 14. e4 c4 15.
exd5 Bg4 16. Nxc4 Qc7 17. Bf3 Bxf3 18. Qxf3 Nd4 19. cxd4 Qxc4 20. Bxh6 Qxd4 21.
Bg5 Qxd5 22. Re3 Qxg5 23. Qxb7 Ng4 24. Re2 Qh5 25. Qg2 Nxh2 26. Qe4 Nf3+ 27.
Kg2 Ng5 28. Qe3 Qh3+ 29. Kg1 Rae8 30. Qxg5 Rxe2 31. Ne1 Rfe8 32. Nf3 Bc7 33.
Rf1 Bb6 34. Qd5 Qc8 35. Ng5 1/2-1/2

[Event "C.to Provinciale CS"]
[Site "Aieta ITA"]
[Date "2009.04.10"]
[Round "2"]
[White "Gad, Ahmad"]
[Black "Rametta, Marcello"]
[Result "1-0"]
[WhiteElo "1944"]
[BlackElo "1738"]
[PlyCount "106"]
[EventDate "2009.04.09"]

1. e4 e5 2. Nf3 d6 3. Bc4 Nf6 4. Ng5 Be6 5. Nxe6 fxe6 6. Bxe6 Qe7 7. Bc4 Nxe4
8. Qf3 c6 9. Qxe4 d5 10. Bxd5 cxd5 11. Qxd5 Nc6 12. Nc3 Rd8 13. Qf3 Nb4 14. Qd1
Qg5 15. O-O Qg6 16. d3 Bd6 17. Ne4 Bb8 18. Be3 O-O 19. Bc5 Nd5 20. Bxf8 Nf4 21.
g3 Rxf8 22. Kh1 Nh3 23. c4 Qc6 24. f3 Qb6 25. Qd2 Rf5 26. c5 Qg6 27. b4 Ng5 28.
Nxg5 Rxg5 29. Qe3 Rh5 30. Kg2 Qe6 31. Rf2 Qh3+ 32. Kg1 h6 33. Qe4 Qd7 34. Qg4
Qe8 35. Re2 Rg5 36. Qc4+ Kh8 37. d4 Qf8 38. Kg2 Rf5 39. Rf1 Qd8 40. d5 Qd7 41.
Rd1 Qf7 42. Qe4 Bc7 43. d6 Bd8 44. b5 Ba5 45. c6 bxc6 46. bxc6 Bb6 47. Rc2 Qe6
48. c7 Rf8 49. Qb7 Rc8 50. d7 Rxc7 51. d8=Q+ Kh7 52. Qe4+ Qg6 53. Qxg6+ Kxg6
1-0